| 000 | 00623nam a2200205 a 4500 | ||
|---|---|---|---|
| 003 | CO-ViMGA | ||
| 005 | 20230915232212.0 | ||
| 008 | 090121r19971992mx gr 00011dspa d | ||
| 020 | _a9786070715426 | ||
| 040 |
_aCO-ViMGA _bspa _cCO-ViMGA |
||
| 043 | _an-mx--- | ||
| 082 | 0 | 4 |
_aM863.6 _bT14c1 _219 |
| 100 | 1 |
_aTaibo, Paco Ignacio, _cII, _d1949- _92433 |
|
| 245 | 1 | 0 |
_aCosa fácil : _buna novela de Blascoarán / _cPaco Ignacio Taibo II. |
| 260 | 3 |
_aMéxico : _bEditorial Promexa, _c2013. |
|
| 300 |
_a239 p. ; _c20 cm. |
||
| 650 | 1 | 4 |
_aNovela mexicana. _92492 |
| 650 | 6 |
_aNovela policíaca. _92434 |
|
| 942 |
_2ddc _cBK |
||
| 999 |
_c33808 _d33808 |
||